[Event "10th American Continental"]
[Site "Montevideo URU"]
[Date "2015.05.16"]
[Round "2.4"]
[White "Van Riemsdijk, Herman C."]
[Black "Lenderman, Aleksandr"]
[Result "0-1"]
[WhiteTitle "IM"]
[BlackTitle "GM"]
[WhiteElo "2352"]
[BlackElo "2636"]
[WhiteFideId "2100053"]
[BlackFideId "2021285"]
[EventDate "2015.05.15"]
[EventType "swiss"]

1. e4 e6 2. d4 d5 3. Nc3 Nf6 4. Bg5 Be7 5. exd5 exd5 6. Bd3 c6 7. Nge2 O-O 8.
O-O h6 9. Bf4 Re8 10. Ng3 Bd6 11. Qd2 Bxf4 12. Qxf4 Nbd7 13. Rae1 Nf8 14. Rxe8
Nxe8 15. Nd1 Ne6 16. Qe3 Nf6 17. c3 Bd7 18. f4 Qf8 19. f5 Ng5 20. Qf4 Re8 21.
Ne3 Qe7 22. Re1 Qd8 23. Nc2 Qa5 24. Rxe8+ Bxe8 25. a3 Qa4 26. Ne3 Qb3 27. Qf2
Qb6 28. Qe2 Bd7 29. h3 c5 30. dxc5 Qxc5 31. Qf2 Nge4 32. Bxe4 Nxe4 33. Nxe4 dxe4
34. Kh2 f6 35. Qf4 Bc6 36. Nc2 Qe7 37. Nd4 e3 38. Qg3 e2 39. Ne6 Bd5 40. Qe3
Bxe6 41. fxe6 Qd6+ 42. g3 Qe5 0-1

[Event "10th American Continental"]
[Site "Montevideo URU"]
[Date "2015.05.16"]
[Round "2.5"]
[White "Cordova, Emilio"]
[Black "Larrea, Manuel"]
[Result "1-0"]
[WhiteTitle "GM"]
[BlackTitle "FM"]
[WhiteElo "2629"]
[BlackElo "2327"]
[WhiteFideId "3801497"]
[BlackFideId "3000508"]
[EventDate "2015.05.15"]
[EventType "swiss"]

1. Nf3 Nf6 2. g3 g6 3. Bg2 Bg7 4. d4 d6 5. O-O O-O 6. c4 Nc6 7. Nc3 a6 8. h3 Bd7
9. e4 e5 10. dxe5 Nxe5 11. Nxe5 dxe5 12. Bg5 h6 13. Be3 Be6 14. Qe2 Qc8 15. Kh2
Re8 16. Nd5 Nd7 17. Rfd1 Rb8 18. Rac1 Kh7 19. Rd3 b6 20. h4 c6 21. Rb3 Qd8 22.
Rd3 Qc8 23. b3 f5 24. Rdd1 f4 25. gxf4 Qd8 26. h5 Qh4+ 27. Kg1 cxd5 28. hxg6+
Kh8 29. cxd5 exf4 30. dxe6 Ne5 31. Bd4 Rxe6 32. Bxe5 Bxe5 33. g7+ Bxg7 34. Qf3
Be5 35. Kf1 Rg8 36. Bh3 Reg6 37. Ke2 Qe7 38. Bf5 Rd6 39. Rxd6 Qxd6 40. Rd1 Qc6
41. Qd3 a5 42. Kf3 Qf6 43. Qd7 Rg7 44. Qd8+ Qxd8 45. Rxd8+ Rg8 46. Rd5 Re8 47.
Kg4 Re7 48. Bg6 Kg7 49. Kf5 Bc7 50. Bh5 f3 51. e5 Kf8 52. Kf6 Rg7 53. e6 Re7 54.
Bxf3 1-0

[Event "10th American Continental"]
[Site "Montevideo URU"]
[Date "2015.05.16"]
[Round "2.6"]
[White "Barros Rivadeneira, Cristhian"]
[Black "Iturrizaga Bonelli, Eduardo"]
[Result "0-1"]
[WhiteTitle "IM"]
[BlackTitle "GM"]
[WhiteElo "2335"]
[BlackElo "2613"]
[WhiteFideId "3609677"]
[BlackFideId "3901211"]
[EventDate "2015.05.15"]
[EventType "swiss"]

1. e4 c5 2. Nf3 e6 3. d4 cxd4 4. Nxd4 Nc6 5. Nb5 d6 6. c4 Nf6 7. N1c3 a6 8. Nd4
Be7 9. Be2 O-O 10. O-O Bd7 11. Be3 Qb8 12. a4 Rc8 13. b3 Bd8 14. Rc1 Ba5 15. f3
Ne5 16. g4 Ng6 17. Rf2 h6 18. Bf1 d5 19. exd5 Bxc3 20. Rxc3 Nxd5 21. Rd3 Nxe3
22. Rxe3 Rd8 23. Rd2 Qc7 24. Bd3 Nf4 25. Be4 e5 26. Nc2 Be6 27. Re1 h5 28. Ne3
hxg4 29. fxg4 Rxd2 30. Qxd2 Rd8 31. Nd5 Qd7 0-1

[Event "10th American Continental"]
[Site "Montevideo URU"]
[Date "2015.05.16"]
[Round "2.7"]
[White "Acosta, Pablo Ismael"]
[Black "Cori, Jorge"]
[Result "0-1"]
[WhiteTitle "IM"]
[BlackTitle "GM"]
[WhiteElo "2320"]
[BlackElo "2609"]
[WhiteFideId "124311"]
[BlackFideId "3802272"]
[EventDate "2015.05.15"]
[EventType "swiss"]

1. c4 c5 2. g3 g6 3. Bg2 Bg7 4. Nc3 Nc6 5. d3 d6 6. e4 e6 7. Nge2 Nge7 8. h4 h6
9. O-O O-O 10. Rb1 a6 11. Be3 b5 12. e5 Bxe5 13. Bxh6 Bg7 14. Bg5 Bb7 15. h5 Qd7
16. Ne4 f5 17. Nd2 Bf6 18. Nf3 Ne5 19. Bxf6 Rxf6 20. Nxe5 dxe5 21. f4 gxh5 22.
fxe5 Rh6 23. Nf4 Kf7 24. Bxb7 Qxb7 25. Qf3 Qxf3 26. Rxf3 Nc6 27. Re3 h4 28. cxb5
axb5 29. a3 Rg8 30. Rc1 Rxg3+ 31. Rxg3 hxg3 32. Rxc5 Nd4 33. Rc7+ Ke8 34. Rg7
Rh4 35. Ng2 Nf3+ 36. Kf1 Rh1+ 37. Ke2 Nxe5 38. Rxg3 Rb1 39. b4 Rb2+ 40. Ke3 Nxd3
41. Kd4 Kf7 42. Rxd3 Rxg2 43. Kc5 e5 44. Kxb5 e4 45. Re3 Ke6 46. Kc4 Ke5 47. Rh3
Rg8 48. Kc3 Rc8+ 49. Kd2 f4 50. b5 e3+ 51. Kd1 Ke4 52. Rh7 f3 53. Re7+ Kf4 54.
b6 e2+ 55. Kd2 Rd8+ 0-1

[Event "10th American Continental"]
[Site "Montevideo URU"]
[Date "2015.05.16"]
[Round "2.8"]
[White "Felgaer, Ruben"]
[Black "Pereira, Silvio Cunha"]
[Result "1-0"]
[WhiteTitle "GM"]
[BlackTitle "FM"]
[WhiteElo "2582"]
[BlackElo "2284"]
[WhiteFideId "107069"]
[BlackFideId "2100703"]
[EventDate "2015.05.15"]
[EventType "swiss"]

1. c4 f5 2. b3 Nf6 3. Bb2 g6 4. Bxf6 exf6 5. g3 d5 6. cxd5 Qxd5 7. Nf3 Nc6 8.
Bg2 Be6 9. O-O Qd7 10. e3 h5 11. d4 Ne7 12. Nc3 Nd5 13. Nxd5 Bxd5 14. Nh4 Kf7
15. Bxd5+ Qxd5 16. Qc2 Bd6 17. Rad1 Rhe8 18. Rfe1 Re4 19. f3 Rxh4 20. Qc4 c6 21.
gxh4 b5 22. Qxd5+ cxd5 23. Rc1 a5 24. Rc6 Bf8 25. Rc7+ Ke6 26. Rec1 a4 27. Rb7
axb3 28. axb3 b4 29. Rc6+ Bd6 30. Rbb6 Rd8 31. Rxb4 Kf7 32. Rb7+ Kg8 33. Kg2 g5
34. Ra6 f4 35. exf4 Bxf4 36. Rxf6 Rc8 37. hxg5 Rc2+ 38. Kf1 Bxh2 39. Ra6 Rc1+
40. Kg2 Rc2+ 41. Kh1 1-0

[Event "10th American Continental"]
[Site "Montevideo URU"]
[Date "2015.05.16"]
[Round "2.9"]
[White "Valenzuela Gomez, Fernando"]
[Black "Mareco, Sandro"]
[Result "0-1"]
[BlackTitle "GM"]
[WhiteElo "2282"]
[BlackElo "2581"]
[WhiteFideId "3409392"]
[BlackFideId "112275"]
[EventDate "2015.05.15"]
[EventType "swiss"]

1. d4 Nf6 2. c4 e6 3. Nc3 Bb4 4. f3 c5 5. d5 O-O 6. e4 Re8 7. Ne2 d6 8. Nf4 e5
9. Nd3 Nh5 10. Be3 f5 11. Qc2 Na6 12. a3 Ba5 13. Be2 Qh4+ 14. Nf2 Nf4 15. Bf1
fxe4 16. g3 Qh5 17. Kd2 exf3 18. gxf4 Bf5 19. Bd3 exf4 20. Ne4 fxe3+ 21. Kxe3
Bxc3 0-1

[Event "10th American Continental"]
[Site "Montevideo URU"]
[Date "2015.05.16"]
[Round "2.11"]
[White "Menna Barreto, Felipe Kubiaki"]
[Black "Mekhitarian, Krikor Sevag"]
[Result "1/2-1/2"]
[WhiteTitle "FM"]
[BlackTitle "GM"]
[WhiteElo "2271"]
[BlackElo "2572"]
[WhiteFideId "2119757"]
[BlackFideId "2107660"]
[EventDate "2015.05.15"]
[EventType "swiss"]

1. d4 Nf6 2. c4 g6 3. Nc3 d5 4. Bf4 Bg7 5. Rc1 Nh5 6. Bg5 dxc4 7. e3 Be6 8. Be2
Nf6 9. Nf3 O-O 10. O-O c6 11. h3 b5 12. e4 a6 13. a3 Qc7 14. Qd2 Rd8 15. Rfd1
Ra7 16. Qe3 Rb7 17. Bf4 Qb6 18. Ng5 Bc8 19. Nf3 Nbd7 20. Bh6 Nf8 21. Bxg7 Kxg7
22. Rc2 Ne6 23. Rcd2 Rbd7 24. Bf1 Bb7 25. Ne2 Re8 26. Ne5 Rdd8 27. Nf4 Nxf4 28.
Qxf4 Qc7 29. f3 Qb6 30. g4 Rf8 31. h4 c5 32. d5 Qd6 33. Qh2 Rde8 34. Bg2 e6 35.
dxe6 Qxe6 36. Nd7 Nxd7 37. Rxd7 Bc8 38. R7d6 Qe7 39. h5 g5 40. h6+ Kg8 41. R1d5
Be6 42. Rxc5 f6 43. Rcc6 Bc8 44. Bf1 Rd8 45. Qd2 Rxd6 46. Rxd6 Qe5 47. a4 Kf7
48. axb5 axb5 49. Rd5 Qe8 50. Qb4 Bd7 51. Qd6 Be6 52. Qc7+ Qe7 53. Qxe7+ Kxe7
54. Rxb5 Kf7 55. Rb7+ Kg6 56. Rb6 Re8 57. e5 Kxh6 58. exf6 Kg6 59. Kf2 Kf7 60.
Rb4 Rc8 61. Ke3 Kxf6 62. Kd4 Rd8+ 63. Ke3 Re8 64. Kd4 Rd8+ 65. Ke3 Re8 66. Kd4
Rd8+ 1/2-1/2

[Event "10th American Continental"]
[Site "Montevideo URU"]
[Date "2015.05.16"]
[Round "2.12"]
[White "Flores, Diego"]
[Black "Sabas, Jorge"]
[Result "1-0"]
[WhiteTitle "GM"]
[BlackTitle "FM"]
[WhiteElo "2567"]
[BlackElo "2254"]
[WhiteFideId "108049"]
[BlackFideId "101877"]
[EventDate "2015.05.15"]
[EventType "swiss"]

1. c4 e5 2. g3 Nf6 3. Bg2 c6 4. Nf3 e4 5. Nd4 d5 6. cxd5 cxd5 7. d3 Bb4+ 8. Nc3
O-O 9. O-O Re8 10. Bg5 Bxc3 11. bxc3 h6 12. Bxf6 Qxf6 13. Qb3 Qe5 14. f4 Qd6 15.
Rfd1 Na6 16. Kh1 exd3 17. exd3 Rd8 18. Re1 Nc5 19. Qb4 b6 20. Re5 Qg6 21. Rxd5
Bb7 22. Rxd8+ Rxd8 23. Bxb7 Nxb7 24. Qe7 Rb8 25. Qc7 Qd6 26. Qxd6 Nxd6 27. a4
Rc8 28. c4 Nb7 29. Nb5 Rd8 30. Ra3 Rd7 31. Nxa7 Nc5 32. Nc8 Nxd3 33. Nxb6 Rd6
34. a5 Nb4 35. a6 Nc6 36. Nc8 Rd1+ 37. Kg2 1-0

[Event "10th American Continental"]
[Site "Montevideo URU"]
[Date "2015.05.16"]
[Round "2.13"]
[White "Matsuura, Frederico"]
[Black "Kaidanov, Gregory S"]
[Result "1/2-1/2"]
[WhiteTitle "FM"]
[BlackTitle "GM"]
[WhiteElo "2270"]
[BlackElo "2566"]
[WhiteFideId "2107848"]
[BlackFideId "2008564"]
[EventDate "2015.05.15"]
[EventType "swiss"]

1. d4 e6 2. e4 d5 3. Nd2 Be7 4. Ngf3 Nf6 5. Bd3 c5 6. e5 Nfd7 7. c3 Nc6 8. O-O
g5 9. dxc5 g4 10. Nd4 Ndxe5 11. Bb5 Bd7 12. b4 Ng6 13. f4 gxf3 14. Qxf3 O-O 15.
Bxc6 bxc6 16. Qh5 f5 17. N2f3 e5 18. Ng5 Bxg5 19. Bxg5 Qe8 20. Rae1 f4 21. Nf3
Rf5 22. Nd4 Rf8 23. Nf3 Rf5 24. Nd4 Rf7 25. Nf3 Rf8 26. Nh4 Qf7 27. Nxg6 hxg6
28. Qh4 Rae8 29. Rf3 Qh7 30. Qxh7+ Kxh7 31. g3 Bg4 32. Rf2 f3 33. Rb2 Bd7 34.
Kf2 Kg7 35. Re3 e4 36. Re1 Rf5 37. h4 Kf7 38. Be3 Rh5 39. a4 a6 40. Ra1 Kf6 41.
Bf4 Kf5 42. Ke3 Kg4 43. Rd2 Rh7 44. Rad1 Be6 45. Rb1 Rb7 46. Rdb2 Bd7 47. Rd1
Be6 48. Rdb1 Rc8 49. Kd4 Rf8 50. Ke3 Bd7 51. Rd1 Ra8 52. Rdb1 Be6 53. Kd4 Rf8
54. Ke3 Ra8 1/2-1/2

[Event "10th American Continental"]
[Site "Montevideo URU"]
[Date "2015.05.16"]
[Round "2.14"]
[White "Gonzalez Vidal, Yuri"]
[Black "Hernandez, Cristian Andres"]
[Result "1/2-1/2"]
[WhiteTitle "GM"]
[BlackTitle "IM"]
[WhiteElo "2550"]
[BlackElo "2250"]
[WhiteFideId "3503321"]
[BlackFideId "4402308"]
[EventDate "2015.05.15"]
[EventType "swiss"]

1. Nf3 c5 2. e4 d6 3. d4 cxd4 4. Nxd4 Nf6 5. Nc3 a6 6. h3 e6 7. g4 Be7 8. Bg2
Nfd7 9. g5 Nc6 10. h4 Qc7 11. b3 b5 12. Bb2 Bb7 13. Nxc6 Bxc6 14. Qd4 e5 15. Qd2
Nc5 16. Nd5 Bxd5 17. exd5 O-O 18. f4 Rad8 19. O-O-O f5 20. Qc3 Rc8 21. fxe5 dxe5
22. b4 Nb7 23. Qxc7 Rxc7 24. d6 Nxd6 25. Bxe5 Rd7 26. Rhe1 Rfd8 27. Bc6 Rc7 28.
Bd5+ Kf8 29. Bb3 Rb7 30. Bd5 Rc7 31. Be6 Rc6 32. Rd4 g6 33. Bd5 Rc7 34. Bb3 Rcc8
35. Bg7+ Ke8 36. Re6 Nc4 37. Bxc4 Rxd4 38. Bxd4 Rxc4 39. c3 Kd7 40. Rxa6 Bxb4
41. Ra7+ Ke6 42. Kb2 Bc5 43. Rxh7 Bxd4 44. cxd4 Rxd4 45. Rg7 1/2-1/2

[Event "10th American Continental"]
[Site "Montevideo URU"]
[Date "2015.05.16"]
[Round "2.15"]
[White "Curi, Gabriel"]
[Black "Hevia Alejano, Carlos Antonio"]
[Result "0-1"]
[WhiteTitle "FM"]
[BlackTitle "IM"]
[WhiteElo "2253"]
[BlackElo "2535"]
[WhiteFideId "3000400"]
[BlackFideId "3508811"]
[EventDate "2015.05.15"]
[EventType "swiss"]

1. d4 Nf6 2. c4 e6 3. Nc3 Bb4 4. f3 O-O 5. a3 Bxc3+ 6. bxc3 Ne8 7. e4 b6 8. a4
Nc6 9. Bd3 Ba6 10. Ba3 d6 11. f4 Na5 12. Bb4 Nb7 13. Nf3 c5 14. Ba3 Na5 15. e5
Bxc4 16. Bxh7+ Kxh7 17. Ng5+ Kg8 18. h4 dxe5 19. fxe5 f6 20. Qh5 fxg5 21. hxg5
Rf5 22. Qh8+ Kf7 23. g6+ Kxg6 24. g4 Rg5 25. Qh7+ Kf7 26. O-O-O Qd5 27. dxc5
Nb3+ 28. Kb1 Nd2+ 29. Kc1 Rd8 30. Qh4 Nb3+ 31. Kb1 Qe4+ 0-1

[Event "10th American Continental"]
[Site "Montevideo URU"]
[Date "2015.05.16"]
[Round "2.16"]
[White "Perez Ponsa, Federico"]
[Black "Teixeira, Ricardo da Silva"]
[Result "1-0"]
[WhiteTitle "GM"]
[BlackTitle "FM"]
[WhiteElo "2533"]
[BlackElo "2223"]
[WhiteFideId "117927"]
[BlackFideId "2100126"]
[EventDate "2015.05.15"]
[EventType "swiss"]

1. d4 e6 2. Nf3 f5 3. g3 Nf6 4. Bg2 Be7 5. O-O O-O 6. c4 d6 7. Nc3 a5 8. b3 Ne4
9. Bb2 Nxc3 10. Bxc3 Nd7 11. Qe1 a4 12. e4 f4 13. e5 dxe5 14. Nxe5 Nxe5 15. Qxe5
Bd6 16. Qh5 Qf6 17. Be4 h6 18. b4 c6 19. Rac1 Qg5 20. Qxg5 hxg5 21. Kg2 Bd7 22.
Rfe1 Be8 23. Bf3 Bf7 24. Rb1 Rac8 25. c5 Bb8 26. Re2 Rfe8 27. Bg4 Rc7 28. Re5
Rce7 29. Rxg5 fxg3 30. hxg3 e5 31. dxe5 Bxe5 32. Bxe5 Rxe5 33. Rxe5 Rxe5 34. a3
Bb3 35. Bd1 Bd5+ 36. Bf3 Bb3 37. g4 Kf7 38. Bd1 Bd5+ 39. Kg3 Re1 40. Bc2 Re2 41.
Bxa4 Ra2 42. Rb3 Kf6 43. Rd3 g5 44. Bd1 Ke5 45. Bf3 Ra1 46. Re3+ Kd4 47. Bxd5
cxd5 48. Re7 Rxa3+ 49. f3 Kd3 50. Rxb7 Rc3 51. Rg7 Kc4 52. Rxg5 d4 53. c6 Kxb4
54. Rd5 Kc4 55. Rd7 Kd3 56. c7 Ke3 57. g5 d3 58. g6 d2 59. g7 Rc1 60. Rxd2 Kxd2 1-0

[Event "10th American Continental"]
[Site "Montevideo URU"]
[Date "2015.05.16"]
[Round "2.17"]
[White "Pardo, Alejandro"]
[Black "Yermolinsky, Alex"]
[Result "0-1"]
[BlackTitle "GM"]
[WhiteElo "2247"]
[BlackElo "2531"]
[WhiteFideId "4402880"]
[BlackFideId "2005492"]
[EventDate "2015.05.15"]
[EventType "swiss"]

1. d4 Nf6 2. Nf3 e6 3. e3 b6 4. Bd3 Bb7 5. Nbd2 c5 6. O-O Be7 7. b3 O-O 8. Bb2
d6 9. dxc5 bxc5 10. Qe2 Nc6 11. c4 a5 12. Rad1 a4 13. Bb1 axb3 14. axb3 Nb4 15.
Ng5 h6 16. Nde4 hxg5 17. Nxf6+ Bxf6 18. Qh5 Re8 19. f4 g4 20. Rxd6 Qxd6 21. Bxf6
gxf6 22. Qh6 Nd3 0-1

[Event "10th American Continental"]
[Site "Montevideo URU"]
[Date "2015.05.16"]
[Round "2.18"]
[White "El Debs, Felipe de Cresce"]
[Black "Fernandez, Maria Florencia"]
[Result "1-0"]
[WhiteTitle "GM"]
[BlackTitle "WIM"]
[WhiteElo "2527"]
[BlackElo "2200"]
[WhiteFideId "2106981"]
[BlackFideId "116459"]
[EventDate "2015.05.15"]
[EventType "swiss"]

1. d4 Nf6 2. c4 g6 3. Nc3 Bg7 4. e4 d6 5. Nf3 O-O 6. Be2 e5 7. Be3 exd4 8. Nxd4
Re8 9. f3 Nc6 10. O-O Nh5 11. Qd2 Nf4 12. Rfd1 Bxd4 13. Bxd4 Nxe2+ 14. Qxe2 Nxd4
15. Rxd4 b6 16. Qd2 Bb7 17. Rc1 Rc8 18. b4 Qe7 19. Nb5 Rcd8 20. Rd3 a6 21. Nc3
Qe5 22. Nd5 Bxd5 23. Rxd5 Qf6 24. Rd3 Qe7 25. Rd1 Rb8 26. Rd5 Qf6 27. Qc2 Red8
28. Qa4 Qc3 29. Qb3 Qf6 30. Qa3 Ra8 31. h3 Kg7 32. Qa4 Qe7 33. Qc6 a5 34. bxa5
Rxa5 35. Rxa5 bxa5 36. Rb1 Rc8 37. a4 Qe5 38. Kh1 h5 39. Qd7 Qe8 40. Qxe8 Rxe8
41. Rb7 Rc8 42. Kg1 Kf6 43. Kf2 Ke6 44. Ke3 Kd7 45. Kd4 Ra8 46. h4 Kc6 47. Rb5
Kd7 48. Ke3 Ra6 49. Rb8 Ke6 50. g4 hxg4 51. fxg4 Kf6 52. Kd4 Rc6 53. Rb2 Ke6 54.
Rb5 Ra6 55. Rb8 Kf6 56. Kd5 Ra7 57. Kc6 Ke5 58. h5 gxh5 59. gxh5 Kf6 60. Rc8
Ra6+ 61. Kxc7 d5 62. exd5 Ke5 63. Re8+ Kd4 64. d6 1-0

[Event "10th American Continental"]
[Site "Montevideo URU"]
[Date "2015.05.16"]
[Round "2.19"]
[White "El Ters, Antouan"]
[Black "Matamoros Franco, Carlos S."]
[Result "1/2-1/2"]
[BlackTitle "GM"]
[WhiteElo "2208"]
[BlackElo "2525"]
[WhiteFideId "3000150"]
[BlackFideId "3600017"]
[EventDate "2015.05.15"]
[EventType "swiss"]

1. e4 c6 2. Nc3 d5 3. d4 dxe4 4. Nxe4 Bf5 5. Ng3 Bg6 6. Nf3 e6 7. h4 h6 8. Bd3
Bxd3 9. Qxd3 Nf6 10. Bd2 c5 11. Ne4 Nbd7 12. O-O-O Qc7 13. Nxf6+ Nxf6 14. Qb5+
Qd7 15. Qxd7+ Nxd7 16. d5 exd5 17. Rhe1+ Be7 18. Bf4 Nf8 19. Rxd5 Ne6 1/2-1/2

[Event "10th American Continental"]
[Site "Montevideo URU"]
[Date "2015.05.16"]
[Round "2.20"]
[White "Shabalov, Alexander"]
[Black "Sanhueza, Cristian"]
[Result "1-0"]
[WhiteTitle "GM"]
[WhiteElo "2523"]
[BlackElo "2195"]
[WhiteFideId "2008572"]
[BlackFideId "116815"]
[EventDate "2015.05.15"]
[EventType "swiss"]

1. c4 Nf6 2. Nc3 g6 3. g3 Bg7 4. Bg2 O-O 5. e4 d6 6. Nge2 c5 7. O-O Nc6 8. d3 a6
9. h3 Rb8 10. a4 Ne8 11. Be3 Nc7 12. d4 cxd4 13. Nxd4 Ne6 14. Nde2 Nc5 15. Rb1
a5 16. f4 b6 17. g4 Bb7 18. Nb5 Nb4 19. Nec3 Bc6 20. Qe2 Qd7 21. Rbd1 Qb7 22.
Bd4 f5 23. Bxg7 Kxg7 24. Nd4 fxe4 25. f5 Rbe8 26. Qe3 e5 27. Nxc6 Qxc6 28. Nxe4
Nxe4 29. Bxe4 Qxc4 30. Rxd6 Rd8 31. Rc1 Qf7 32. fxg6 Qe7 33. Rxd8 Qxd8 34. gxh7
Qd4 35. Rc7+ Kf6 36. g5+ 1-0

[Event "10th American Continental"]
[Site "Montevideo URU"]
[Date "2015.05.16"]
[Round "2.21"]
[White "Caetano, Hugo Zanotti Mendonca"]
[Black "Pichot, Alan"]
[Result "0-1"]
[BlackTitle "IM"]
[WhiteElo "2199"]
[BlackElo "2504"]
[WhiteFideId "2119420"]
[BlackFideId "110973"]
[EventDate "2015.05.15"]
[EventType "swiss"]

1. d4 Nf6 2. c4 g6 3. Nc3 Bg7 4. e4 d6 5. Nf3 O-O 6. Be2 e5 7. O-O Nc6 8. d5 Ne7
9. b4 a5 10. b5 b6 11. Ne1 Ne8 12. Bg5 h6 13. Bxe7 Qxe7 14. a4 f5 15. Ra3 Nf6
16. Bf3 f4 17. g3 h5 18. Nd3 Nh7 19. Bg2 Bh6 20. gxf4 exf4 21. f3 Bg7 22. Ne2 g5
23. Kh1 Bd7 24. Rg1 Rae8 25. Qd2 Rf7 26. Qc1 Nf8 27. Nf2 Be5 28. Bh3 Bxh3 29.
Nxh3 Rg7 30. Qd2 Qf6 31. Rd3 Nd7 32. Ra3 Rf8 33. Nf2 g4 34. fxg4 Qh4 35. Nd3 f3
36. Ng3 hxg4 37. Nxe5 Nxe5 38. Qf2 Rh7 39. Rf1 Kf7 40. Nf5 Qg5 41. Qg3 Rfh8 42.
Ra2 Rh3 43. Qf2 g3 0-1

[Event "10th American Continental"]
[Site "Montevideo URU"]
[Date "2015.05.16"]
[Round "2.22"]
[White "Contreras, Henry"]
[Black "Alonso, Salvador"]
[Result "1/2-1/2"]
[WhiteTitle "FM"]
[BlackTitle "GM"]
[WhiteElo "2193"]
[BlackElo "2488"]
[WhiteFideId "4400623"]
[BlackFideId "105198"]
[EventDate "2015.05.15"]
[EventType "swiss"]

1. e4 c5 2. Nf3 e6 3. d4 cxd4 4. Nxd4 Nc6 5. Nc3 Qc7 6. g3 a6 7. Bg2 Nf6 8. O-O
d6 9. a4 Bd7 10. Nb3 Be7 11. f4 Na5 12. Nxa5 Qxa5 13. Kh1 Bc6 14. Be3 O-O 15. g4
d5 16. e5 Ne4 17. Nxe4 dxe4 18. Qe1 Qxe1 19. Rfxe1 f6 20. Bd4 Rad8 21. c3 fxe5
22. fxe5 Rf4 23. h3 Rdf8 24. Re2 Bh4 25. Kg1 Rd8 26. a5 Rdf8 27. Be3 R4f7 28.
Bc5 Rd8 29. Bd6 e3 30. Bxc6 bxc6 31. Kg2 Rf4 32. Rf1 Bf2 33. Rd1 Rd7 34. Rd4
Rdf7 35. Bc5 g5 36. b4 Rf3 37. Rd8+ Kg7 38. Re8 Rg3+ 39. Kh2 Rff3 40. Re7+ Kg8
41. Re8+ Kg7 42. Re7+ Kg8 43. Re8+ Kg7 44. Re7+ 1/2-1/2

[Event "10th American Continental"]
[Site "Montevideo URU"]
[Date "2015.05.16"]
[Round "2.23"]
[White "Rodriguez Vila, Andres"]
[Black "Izquierdo, Daniel"]
[Result "0-1"]
[WhiteTitle "GM"]
[BlackTitle "FM"]
[WhiteElo "2485"]
[BlackElo "2190"]
[WhiteFideId "3000010"]
[BlackFideId "3000044"]
[EventDate "2015.05.15"]
[EventType "swiss"]

1. e4 e5 2. Nf3 Nc6 3. Bc4 Nf6 4. Ng5 d5 5. exd5 b5 6. Bf1 Nxd5 7. Bxb5 Bb7 8.
Qf3 Qd7 9. Nc3 Nxc3 10. bxc3 f6 11. Ne4 O-O-O 12. Rb1 f5 13. Ng5 Bc5 14. Bc4 e4
15. Qe2 Rde8 16. Bf7 Re5 17. Bb3 Rhe8 18. O-O f4 19. Nf7 f3 20. gxf3 Qh3 21. d4
exf3 0-1

[Event "10th American Continental"]
[Site "Montevideo URU"]
[Date "2015.05.16"]
[Round "2.24"]
[White "Sanchez Sandoval, Gonzalo"]
[Black "Henriquez Villagra, Cristobal"]
[Result "0-1"]
[BlackTitle "IM"]
[WhiteElo "2187"]
[BlackElo "2478"]
[WhiteFideId "3414167"]
[BlackFideId "3409350"]
[EventDate "2015.05.15"]
[EventType "swiss"]

1. e4 c5 2. Nf3 d6 3. d4 cxd4 4. Nxd4 Nf6 5. Nc3 Nc6 6. Bg5 Qb6 7. Nb3 e6 8. Qd2
a6 9. O-O-O Be7 10. f3 Qc7 11. h4 h6 12. Be3 Rb8 13. g4 b5 14. Rg1 Ne5 15. Qf2
b4 16. Ne2 g5 17. hxg5 hxg5 18. Ned4 Nfd7 19. Qd2 Rg8 20. Kb1 Nb6 21. Qh2 Nbc4
22. Bc1 a5 23. Nd2 Ne3 24. Re1 Nxf1 25. Nxf1 Ba6 26. Ne3 a4 27. Qh7 Kd7 28. Rh1
b3 29. cxb3 axb3 30. a3 Rh8 31. Qxh8 Rxh8 32. Rxh8 Nd3 33. Rhh1 Nxe1 34. Rxe1
Bd3+ 35. Ka1 Bf6 36. Nxb3 Qb6 37. Ka2 Be5 38. Rd1 Ba6 39. Nc2 Bc4 40. Nb4 Qb5
41. Re1 Qa4 42. Re3 Bf4 43. Rc3 Bxb3+ 0-1

[Event "10th American Continental"]
[Site "Montevideo URU"]
[Date "2015.05.16"]
[Round "2.25"]
[White "Vera Siguenas, Deivy"]
[Black "Arcos Facio, Mateo"]
[Result "1-0"]
[WhiteTitle "IM"]
[BlackTitle "FM"]
[WhiteElo "2469"]
[BlackElo "2184"]
[WhiteFideId "3804623"]
[BlackFideId "3001199"]
[EventDate "2015.05.15"]
[EventType "swiss"]

1. e4 e5 2. Nf3 Nc6 3. Bb5 a6 4. Ba4 Nf6 5. O-O Be7 6. Re1 b5 7. Bb3 d6 8. c3
O-O 9. h3 Na5 10. Bc2 c5 11. d4 Qc7 12. Nbd2 Nc6 13. d5 Nd8 14. a4 Rb8 15. axb5
axb5 16. b4 Bd7 17. bxc5 Qxc5 18. Re3 Qc7 19. Ba3 Re8 20. Bb4 Nb7 21. Nb3 Bf8
22. Qd2 Ra8 23. Ree1 Nc5 24. Bxc5 dxc5 25. c4 b4 26. Red1 Bd6 27. Rdb1 Qb7 28.
Ne1 Ra6 29. Nd3 Nxe4 30. Qe3 Bf5 31. Nxb4 Rxa1 32. Nxa1 cxb4 33. Bxe4 Bxe4 34.
Qxe4 g6 35. Nb3 Rc8 36. Rc1 Qa7 37. Ra1 Qb6 38. g4 Bc5 39. Ra2 Bd4 40. Rc2 Kf8
41. Kg2 Bc3 42. Ra2 Bd4 43. c5 Rxc5 44. Nxd4 exd4 45. Qxd4 f6 46. Qe3 Kg7 47.
Rc2 Rb5 48. Qe7+ Kh6 49. h4 Qb8 50. Rc7 Qg8 51. g5+ 1-0

[Event "10th American Continental"]
[Site "Montevideo URU"]
[Date "2015.05.16"]
[Round "2.26"]
[White "Madeira, Wagner Martins"]
[Black "Terry, Renato"]
[Result "0-1"]
[WhiteTitle "FM"]
[BlackTitle "FM"]
[WhiteElo "2179"]
[BlackElo "2464"]
[WhiteFideId "2100797"]
[BlackFideId "3803457"]
[EventDate "2015.05.15"]
[EventType "swiss"]

1. d4 e6 2. c4 Bb4+ 3. Nd2 d5 4. e3 Nf6 5. Nf3 O-O 6. Be2 dxc4 7. Bxc4 Nbd7 8.
O-O Qe7 9. Ne5 Nxe5 10. dxe5 Nd7 11. f4 Rd8 12. Qe2 Nb6 13. Bb3 Bd7 14. Nf3 Qe8
15. Rd1 Bb5 16. Qf2 Ba4 17. Bd2 Bxb3 18. axb3 Be7 19. Qe2 a6 20. Ba5 Nd5 21.
Rac1 b6 22. Bd2 Bc5 23. Kf1 a5 24. e4 Nb4 25. Bxb4 axb4 26. Rxd8 Rxd8 27. Rd1
Rxd1+ 28. Qxd1 Qa8 29. Nd2 Bd4 30. Nf3 Bc5 31. Nd2 h6 32. f5 Qa6+ 33. Nc4 b5 34.
Qd8+ Kh7 35. Nd2 Qa1+ 36. Ke2 Qg1 37. Qxc7 Be3 38. Nf3 Qf2+ 39. Kd3 Bf4 40. Qxf7
Qe3+ 41. Kc2 Qc1+ 42. Kd3 Qd1+ 0-1